[Event "Tradewise Gibraltar ChallWk2"]
[Site "Gibraltar"]
[Date "2018.01.27"]
[Round "1.9"]
[White "Gonzalez Gonzalez, Alfonso"]
[Black "Bryant, Richard B E"]
[Result "1-0"]
[WhiteElo "2192"]
[BlackElo "2016"]
[PlyCount "71"]
[EventDate "2018.01.27"]
[EventType "swiss"]
[EventRounds "5"]
[EventCountry "GGB"]

1. e4 e6 2. d4 d5 3. e5 c5 4. c3 Qb6 5. Nf3 Nc6 6. a3 c4 7. Nbd2 a5 8. a4 f5 9.
Be2 Be7 10. O-O Nh6 11. b3 cxb3 12. Rb1 Nf7 13. Rxb3 Qd8 14. Ne1 g5 15. Nc2 O-O
16. Na3 Rb8 17. Nb5 Bd7 18. Bd3 Nh8 19. c4 Nb4 20. Bb1 Rf7 21. Rh3 Qb6 22. c5
Qa6 23. Nd6 Rg7 24. Re1 Ng6 25. Nf1 f4 26. Qh5 Nf8 27. Qh6 b6 28. Rh5 bxc5 29.
dxc5 Nd3 30. Nf5 exf5 31. Qxa6 Nxe1 32. Ba2 Bxc5 33. Bxd5+ Kh8 34. e6 Be8 35.
Rh3 Bb4 36. Bb2 1-0

[Event "Tradewise Gibraltar ChallWk2"]
[Site "Gibraltar"]
[Date "2018.01.27"]
[Round "1.10"]
[White "Muskat, Gunter"]
[Black "Bendayan Claros, Aaron"]
[Result "1-0"]
[WhiteElo "2013"]
[BlackElo "2191"]
[PlyCount "111"]
[EventDate "2018.01.27"]
[EventType "swiss"]
[EventRounds "5"]
[EventCountry "GGB"]

1. c4 Nf6 2. g3 e6 3. Bg2 d5 4. Nf3 d4 5. O-O c5 6. b4 cxb4 7. Bb2 Bc5 8. d3
O-O 9. Nbd2 Nc6 10. Nb3 Qd6 11. Nxc5 Qxc5 12. a3 Rd8 13. Qb3 a5 14. axb4 Nxb4
15. Ba3 Ra6 16. Rab1 Rb6 17. Ne1 Qe5 18. Qd1 Bd7 19. Qd2 Bc6 20. Bxc6 bxc6 21.
Bxb4 axb4 22. Rxb4 Rxb4 23. Qxb4 c5 24. Qd2 h6 25. Nf3 Qf5 26. Rb1 e5 27. Rb5
e4 28. dxe4 Nxe4 29. Qf4 Qxf4 30. gxf4 Nc3 31. Rb2 Re8 32. Kf1 Re4 33. Ne5 Rxf4
34. Nd7 g5 35. Rb8+ Kg7 36. Nxc5 Rf5 37. Nd3 Ra5 38. Rb2 Ne4 39. Kg2 Ra6 40.
Kf3 Nf6 41. c5 Rc6 42. Rb6 Rc7 43. c6 Nd5 44. Ra6 Ne7 45. Nb4 f5 46. e4 dxe3
47. Kxe3 Kf6 48. Kd4 Ke6 49. Kc5 Ke5 50. Kb6 Rc8 51. Kb7 Rh8 52. c7 Kf4 53. Ra3
g4 54. Rd3 Nc8 55. Rd8 Nd6+ 56. Rxd6 1-0

[Event "Tradewise Gibraltar ChallWk2"]
[Site "Gibraltar"]
[Date "2018.01.27"]
[Round "1.11"]
[White "Dolzhikova, Olga"]
[Black "Broekman, Willem"]
[Result "1/2-1/2"]
[WhiteElo "2187"]
[BlackElo "2006"]
[PlyCount "62"]
[EventDate "2018.01.27"]
[EventType "swiss"]
[EventRounds "5"]
[EventCountry "GGB"]

1. e4 e6 2. d4 d5 3. Nc3 Bb4 4. e5 c5 5. Bd2 cxd4 6. Nb5 Bxd2+ 7. Qxd2 Nc6 8.
Nf3 f6 9. exf6 Nxf6 10. Nbxd4 O-O 11. Be2 Ne4 12. Qe3 Qb6 13. Nxc6 Qxe3 14.
Ne7+ Kf7 15. fxe3 Kxe7 16. Bd3 Nf6 17. Ke2 Bd7 18. Rhg1 h6 19. Ne5 Be8 20. g4
g5 21. Ng6+ Bxg6 22. Bxg6 Nd7 23. Rg2 Rf6 24. Bd3 Ne5 25. Rh1 Raf8 26. h4 gxh4
27. Rxh4 Rg8 28. Kd1 Kd6 29. Be2 Rfg6 30. Kd2 b6 31. Rgh2 Nxg4 1/2-1/2

[Event "Tradewise Gibraltar ChallWk2"]
[Site "Gibraltar"]
[Date "2018.01.27"]
[Round "1.12"]
[White "Gagare, Shalmali"]
[Black "Pinho, Paulo"]
[Result "0-1"]
[WhiteElo "2001"]
[BlackElo "2186"]
[PlyCount "158"]
[EventDate "2018.01.27"]
[EventType "swiss"]
[EventRounds "5"]
[EventCountry "GGB"]

1. c4 b6 2. Nc3 c5 3. e4 e6 4. g3 Bb7 5. Bg2 Nf6 6. Nge2 d6 7. O-O a6 8. d4
cxd4 9. Nxd4 Qc7 10. Qe2 Be7 11. Be3 O-O 12. Rac1 Nbd7 13. f3 Rac8 14. b3 Qb8
15. g4 g6 16. Qf2 Bd8 17. Bh3 Ne8 18. Rfd1 Ng7 19. g5 Bc7 20. Nde2 Ba8 21. Bd4
b5 22. cxb5 axb5 23. a4 Bc6 24. Nd5 Bxd5 25. exd5 Rce8 26. axb5 Bd8 27. f4 Qxb5
28. Bg2 Nf5 29. dxe6 Rxe6 30. Nc3 Qb4 31. Kh1 Nxd4 32. Rxd4 Qxb3 33. Bd5 Qa3
34. Bxe6 Qxc1+ 35. Rd1 Qxc3 36. Bxd7 Bb6 37. Qg2 Be3 38. Qf3 Rb8 39. Bh3 Rb2
40. Bg2 Rf2 41. Qa8+ Kg7 42. Qa1 Qxa1 43. Rxa1 Bxf4 44. h4 Bg3 45. Ra4 Rd2 46.
Bc6 Rh2+ 47. Kg1 Rxh4 48. Ra7 Rf4 49. Kg2 Bh4 50. Ra5 Rg4+ 51. Kf3 Rxg5 52. Ra4
Rf5+ 53. Ke4 Bf6 54. Ra7 Be5 55. Bd7 Rf4+ 56. Ke3 h5 57. Rb7 g5 58. Rb1 g4 59.
Rh1 Kg6 60. Bb5 Kg5 61. Be2 h4 62. Kd3 Bd4 63. Bf1 Bc5 64. Bg2 f5 65. Bd5 Rd4+
66. Kc3 Rxd5 67. Kc4 Rd2 68. Kc3 Re2 69. Kd3 Re3+ 70. Kd2 g3 71. Rg1 f4 72. Rb1
f3 73. Rc1 Re5 74. Rf1 f2 75. Rh1 Re1 76. Rxe1 Bb4+ 77. Ke2 fxe1=Q+ 78. Kf3 Bc5
79. Kg2 Qf2+ 0-1

[Event "Tradewise Gibraltar ChallWk2"]
[Site "Gibraltar"]
[Date "2018.01.27"]
[Round "1.13"]
[White "Guthrie, David"]
[Black "Adewole, Adeyinka"]
[Result "0-1"]
[WhiteElo "2181"]
[BlackElo "2001"]
[PlyCount "88"]
[EventDate "2018.01.27"]
[EventType "swiss"]
[EventRounds "5"]
[EventCountry "GGB"]

1. d4 d5 2. c4 e6 3. Nc3 Nf6 4. cxd5 exd5 5. Bg5 Be7 6. e3 O-O 7. Qc2 Be6 8.
Bd3 Nbd7 9. Nge2 Re8 10. O-O c6 11. Nf4 Nf8 12. Nxe6 fxe6 13. Rad1 Ng4 14. Bxe7
Qxe7 15. e4 Qh4 16. h3 Nf6 17. Rfe1 g5 18. Re3 Re7 19. Bf1 Rg7 20. e5 N6d7 21.
Ne2 Ng6 22. g3 Qh6 23. Rf3 c5 24. dxc5 g4 25. Rf6 Nxf6 26. exf6 Rf7 27. c6 Ne5
28. cxb7 Rxb7 29. Nf4 Qxf6 30. b3 Rf8 31. hxg4 Qh6 32. Qc3 Qf6 33. g5 Qh8 34.
Bh3 Re7 35. Qb4 Kf7 36. Kg2 Ng6 37. Nh5 Rb8 38. Qg4 Qe5 39. Qf3+ Kg8 40. Nf6+
Kh8 41. Qh5 Rf8 42. Kf1 Rxf6 43. gxf6 Qxh5 44. fxe7 Qxd1+ 0-1

[Event "Tradewise Gibraltar ChallWk2"]
[Site "Gibraltar"]
[Date "2018.01.27"]
[Round "1.14"]
[White "Rueda-Kjeldsen, Juan Carlos"]
[Black "Ernst, Michael"]
[Result "0-1"]
[WhiteElo "1988"]
[BlackElo "2176"]
[PlyCount "70"]
[EventDate "2018.01.27"]
[EventType "swiss"]
[EventRounds "5"]
[EventCountry "GGB"]

1. c4 e6 2. e4 d5 3. cxd5 exd5 4. exd5 Nf6 5. Bb5+ Nbd7 6. Qf3 Be7 7. Ne2 O-O
8. Nbc3 Nb6 9. O-O Nbxd5 10. d4 Qd6 11. Nxd5 Qxd5 12. Qxd5 Nxd5 13. Nf4 Rd8 14.
Rd1 Bf6 15. Nh5 Be7 16. Nf4 Bf5 17. Ba4 c6 18. Bb3 Nb6 19. Be3 Be4 20. f3 Bd5
21. Bc2 Nc4 22. Bc1 Nb6 23. b3 g6 24. Bb2 Bf6 25. Be4 Rd7 26. Rac1 Rad8 27. Ne2
Bg5 28. Rc5 f5 29. Bc2 Bf7 30. Kf2 Nd5 31. Bc1 Be7 32. Ke1 Nb4 33. Rc3 Nxa2 34.
Rcd3 Nb4 35. Rc3 Nxc2+ 0-1

[Event "Tradewise Gibraltar ChallWk2"]
[Site "Gibraltar"]
[Date "2018.01.27"]
[Round "1.16"]
[White "Hendrix, Joachim"]
[Black "Madina Yadarola, Martin"]
[Result "0-1"]
[WhiteElo "1960"]
[BlackElo "2167"]
[PlyCount "84"]
[EventDate "2018.01.27"]
[EventType "swiss"]
[EventRounds "5"]
[EventCountry "GGB"]

1. Nf3 Nf6 2. g3 g6 3. Bg2 Bg7 4. O-O O-O 5. d3 c5 6. e4 d6 7. Re1 e5 8. c3 Nc6
9. a3 d5 10. Nbd2 d4 11. cxd4 cxd4 12. Nc4 Re8 13. a4 Bf8 14. Rf1 Nd7 15. Nh4
Nc5 16. Bf3 Be7 17. Ng2 Bg5 18. h4 Bxc1 19. Rxc1 b6 20. Ne1 a5 21. h5 Ba6 22.
Kg2 Bxc4 23. Rxc4 Nb4 24. Qd2 Qf6 25. Bd1 Rac8 26. f4 Qe7 27. f5 Rc6 28. hxg6
fxg6 29. Rc1 Rf8 30. g4 Kh8 31. Rh1 gxf5 32. exf5 Nd5 33. Nf3 Ne3+ 34. Kg3 Rg8
35. Nh4 Qg5 36. Qe2 Qf4+ 37. Kh3 Nxg4 38. Qxg4 Rxg4 39. Bxg4 Rh6 40. Rcg1 Nxd3
41. Rf1 Nf2+ 42. Rxf2 Qxf2 0-1

[Event "Tradewise Gibraltar ChallWk2"]
[Site "Gibraltar"]
[Date "2018.01.27"]
[Round "1.17"]
[White "Makka, Ioulia"]
[Black "Garcia Lopez, Juan Antonio"]
[Result "0-1"]
[WhiteElo "2167"]
[BlackElo "1959"]
[PlyCount "94"]
[EventDate "2018.01.27"]
[EventType "swiss"]
[EventRounds "5"]
[EventCountry "GGB"]

1. e4 d6 2. d4 Nf6 3. Nc3 g6 4. Be3 Bg7 5. h3 O-O 6. Nf3 Nbd7 7. e5 Ne8 8. Qd2
c5 9. exd6 Nxd6 10. g4 b6 11. Bh6 Bb7 12. d5 Nf6 13. Bxg7 Kxg7 14. O-O-O a6 15.
Qe3 Rc8 16. Qe5 Kg8 17. Be2 b5 18. g5 b4 19. Nb1 Nd7 20. Qh2 Ne4 21. Nbd2 Nc3
22. bxc3 Qa5 23. Nc4 Qxa2 24. Kd2 b3 25. Bd3 bxc2 26. Rc1 Bxd5 27. Rxc2 Qb3 28.
Qf4 Rfd8 29. Ke2 e5 30. Ncxe5 Nxe5 31. Nxe5 Bxh1 32. Rc1 Qe6 33. Qg3 c4 34. Bc2
Rd5 35. f4 Rcd8 36. Rd1 Rxd1 37. Bxd1 Qd5 38. Qe1 Qe4+ 39. Kf2 Qg2+ 40. Ke3
Qxh3+ 41. Ke2 Qg2+ 42. Ke3 Qe4+ 43. Kf2 Qxf4+ 44. Kg1 Rd2 45. Ng4 Bc6 46. Nf6+
Kg7 47. Ng4 Rg2+ 0-1

[Event "Tradewise Gibraltar ChallWk2"]
[Site "Gibraltar"]
[Date "2018.01.27"]
[Round "1.18"]
[White "Suez-Panama, Gilles"]
[Black "Pavlov, Egor"]
[Result "0-1"]
[WhiteElo "1959"]
[BlackElo "2165"]
[PlyCount "74"]
[EventDate "2018.01.27"]
[EventType "swiss"]
[EventRounds "5"]
[EventCountry "GGB"]

1. Nf3 Nf6 2. d4 g6 3. c4 Bg7 4. Nc3 O-O 5. Bf4 d6 6. e3 c6 7. Be2 Nbd7 8. O-O
Qe8 9. h3 e5 10. Bh2 Qe7 11. b4 e4 12. Nd2 d5 13. c5 Ne8 14. Qb3 f5 15. b5 Qf7
16. bxc6 bxc6 17. Rab1 Kh8 18. Qa4 Qe6 19. Qa5 g5 20. Na4 f4 21. Nb6 Nxb6 22.
cxb6 Qf7 23. Bg4 Bxg4 24. b7 Rb8 25. hxg4 Rxb7 26. Rxb7 Qxb7 27. Rb1 Qd7 28.
Qa6 Qxg4 29. Nf1 f3 30. Bg3 fxg2 31. Nh2 Qe6 32. Rb8 h5 33. Rc8 h4 34. Bb8 Qf5
35. Bf4 gxf4 36. Qxc6 fxe3 37. fxe3 Qf2# 0-1

[Event "Tradewise Gibraltar ChallWk2"]
[Site "Gibraltar"]
[Date "2018.01.27"]
[Round "1.19"]
[White "Sousa, Ludy Helsio Paulo"]
[Black "Yu, Henry"]
[Result "1-0"]
[WhiteElo "2153"]
[BlackElo "1947"]
[PlyCount "41"]
[EventDate "2018.01.27"]
[EventType "swiss"]
[EventRounds "5"]
[EventCountry "GGB"]

1. e4 e5 2. Nf3 Nc6 3. Bb5 Nf6 4. Qe2 a6 5. Ba4 b5 6. Bb3 Be7 7. a4 Bb7 8. axb5
axb5 9. Rxa8 Qxa8 10. Nc3 O-O 11. Qxb5 Nd4 12. Nxd4 exd4 13. Nd5 Nxd5 14. exd5
Qa1 15. Kd1 Ra8 16. Qxb7 Qxc1+ 17. Ke2 Qxh1 18. Qxa8+ Bf8 19. d6 Qxh2 20. Qd5
h5 21. dxc7 1-0

[Event "Tradewise Gibraltar ChallWk2"]
[Site "Gibraltar"]
[Date "2018.01.27"]
[Round "1.20"]
[White "Gostelow, David W"]
[Black "Tuerk, Philipp"]
[Result "0-1"]
[WhiteElo "1945"]
[BlackElo "2150"]
[PlyCount "42"]
[EventDate "2018.01.27"]
[EventType "swiss"]
[EventRounds "5"]
[EventCountry "GGB"]

1. d4 Nf6 2. Bf4 c5 3. e3 Qb6 4. dxc5 Qxb2 5. Nd2 Nc6 6. Bc4 Qa3 7. Bg5 Qxc5 8.
Bxf6 gxf6 9. Ne2 d5 10. Bd3 Bg4 11. Rb1 O-O-O 12. Rb5 Qd6 13. Qb1 Qc7 14. h3
Bxe2 15. Bxe2 d4 16. e4 e6 17. Nc4 Rd7 18. O-O Rg8 19. Qb3 d3 20. Bxd3 Nd4 21.
Qb2 Nf3+ 0-1

[Event "Tradewise Gibraltar ChallWk2"]
[Site "Gibraltar"]
[Date "2018.01.27"]
[Round "1.21"]
[White "Vanheirzeele, Daniel"]
[Black "Panday, Sohrab"]
[Result "1/2-1/2"]
[WhiteElo "2147"]
[BlackElo "1938"]
[PlyCount "68"]
[EventDate "2018.01.27"]
[EventType "swiss"]
[EventRounds "5"]
[EventCountry "GGB"]

1. d4 Nf6 2. c4 d6 3. Nf3 c6 4. Nc3 Bg4 5. e4 Nbd7 6. Be2 e5 7. Be3 Be7 8. O-O
O-O 9. d5 c5 10. Ne1 Bxe2 11. Qxe2 Ne8 12. Qd2 f5 13. exf5 Rxf5 14. Ne4 h6 15.
Nd3 Rf7 16. f4 Nef6 17. Nxf6+ Bxf6 18. fxe5 Nxe5 19. Nxe5 Bxe5 20. Rxf7 Kxf7
21. Qe2 Qh4 22. g3 Qe4 23. Re1 Kg8 24. Bf2 Qxe2 25. Rxe2 Rc8 26. g4 Kf7 27. Kg2
b6 28. Bg3 Bxg3 29. Kxg3 Re8 30. Rxe8 Kxe8 31. Kf4 Kf7 32. h4 g6 33. g5 h5 34.
Ke4 Ke7 1/2-1/2

[Event "Tradewise Gibraltar ChallWk2"]
[Site "Gibraltar"]
[Date "2018.01.27"]
[Round "1.22"]
[White "Sandhya, Goli"]
[Black "Ranaivoharisoa, Alain"]
[Result "1-0"]
[WhiteElo "1934"]
[BlackElo "2142"]
[PlyCount "55"]
[EventDate "2018.01.27"]
[EventType "swiss"]
[EventRounds "5"]
[EventCountry "GGB"]

1. e4 c5 2. Nf3 d6 3. d4 cxd4 4. Nxd4 Nf6 5. Nc3 a6 6. h3 e5 7. Nde2 h5 8. Bg5
Be6 9. Bxf6 Qxf6 10. Nd5 Bxd5 11. Qxd5 Nc6 12. Ng3 g6 13. Bc4 Bh6 14. c3 O-O
15. Rd1 Rfd8 16. Rd3 Ne7 17. Qxb7 Rdb8 18. Qd7 Rxb2 19. O-O Rd2 20. Rf3 Bf4 21.
Ne2 d5 22. exd5 g5 23. Ng3 Qg6 24. Qxe7 g4 25. hxg4 hxg4 26. Rxf4 exf4 27. Ne4
Rb2 28. d6 1-0

[Event "Tradewise Gibraltar ChallWk2"]
[Site "Gibraltar"]
[Date "2018.01.27"]
[Round "1.23"]
[White "Herzwurm, Robert"]
[Black "Odeh, Kenneth"]
[Result "1/2-1/2"]
[WhiteElo "2123"]
[BlackElo "1922"]
[PlyCount "66"]
[EventDate "2018.01.27"]
[EventType "swiss"]
[EventRounds "5"]
[EventCountry "GGB"]

1. e4 c6 2. d4 d5 3. e5 c5 4. Nf3 Nc6 5. dxc5 e6 6. Be3 Nge7 7. c3 Ng6 8. Bd4
Qc7 9. Bb5 Bd7 10. Bxc6 Bxc6 11. b4 a5 12. O-O Qd7 13. Qd2 Be7 14. Re1 O-O 15.
Qe3 Rfb8 16. g3 b6 17. Nbd2 Bb5 18. a3 bxc5 19. Bxc5 Bd8 20. Nd4 Ba6 21. a4 Rc8
22. N4b3 Bc7 23. b5 Bb7 24. Bd4 Bd8 25. Nc5 Qe7 26. Nxb7 Qxb7 27. Nb3 Be7 28.
Rec1 h6 29. Bb6 Bd8 30. Bxd8 Rxd8 31. c4 dxc4 32. Rxc4 Rd5 33. f4 Rad8 1/2-1/2

[Event "Tradewise Gibraltar ChallWk2"]
[Site "Gibraltar"]
[Date "2018.01.27"]
[Round "1.24"]
[White "Adebajo, Olufemi"]
[Black "Villar Reymundo, Juan Antonio"]
[Result "0-1"]
[WhiteElo "1922"]
[BlackElo "2121"]
[PlyCount "88"]
[EventDate "2018.01.27"]
[EventType "swiss"]
[EventRounds "5"]
[EventCountry "GGB"]

1. e4 c5 2. Nf3 d6 3. Nc3 Nc6 4. Bb5 Bd7 5. Bxc6 Bxc6 6. d4 cxd4 7. Qxd4 Nf6 8.
Bg5 e6 9. O-O-O Be7 10. Rhe1 O-O 11. Kb1 Qc7 12. Qd2 Rfd8 13. Nd4 Be8 14. f3 a6
15. g4 b5 16. Nce2 Qc5 17. Be3 Qc7 18. Ng3 Nd7 19. Nh5 Ne5 20. Qg2 g6 21. Bh6
Rac8 22. Re2 Nc4 23. f4 b4 24. f5 e5 25. fxg6 exd4 26. gxh7+ Kxh7 27. g5 Bd7
28. Nf6+ Bxf6 29. gxf6 Rg8 30. Bg7 Qc5 31. e5 Nxe5 32. Qg5 Ng4 33. Qh4+ Kg6 34.
Rg1 Qh5 35. Qg3 Kh7 36. Re4 Rge8 37. Rxd4 Re3 38. Qg2 Bf5 39. Rd2 Rce8 40. b3
Qh3 41. Qc6 Re1+ 42. Rd1 Rxg1 43. Rxg1 Rc8 44. Qg2 Bxc2+ 0-1

[Event "Tradewise Gibraltar ChallWk2"]
[Site "Gibraltar"]
[Date "2018.01.27"]
[Round "1.25"]
[White "Gueler, Sebastian"]
[Black "Valentine, Brian J"]
[Result "1/2-1/2"]
[WhiteElo "2120"]
[BlackElo "1920"]
[PlyCount "47"]
[EventDate "2018.01.27"]
[EventType "swiss"]
[EventRounds "5"]
[EventCountry "GGB"]

1. c4 c5 2. g3 g6 3. Bg2 Bg7 4. Nc3 Nc6 5. a3 e6 6. Rb1 Nge7 7. Ne4 d6 8. b4
cxb4 9. axb4 O-O 10. Nf3 d5 11. cxd5 exd5 12. Nc5 Re8 13. O-O b6 14. Na4 Bf5
15. d3 Qd7 16. Re1 Rad8 17. Bb2 d4 18. Qb3 Be6 19. Qa3 Nf5 20. Ng5 Bd5 21. Ne4
Nd6 22. Nxd6 Qxd6 23. b5 Bxg2 24. Qxd6 1/2-1/2

[Event "Tradewise Gibraltar ChallWk2"]
[Site "Gibraltar"]
[Date "2018.01.27"]
[Round "1.26"]
[White "Ansari, Athar"]
[Black "Lacrosse, Marc"]
[Result "0-1"]
[WhiteElo "1919"]
[BlackElo "2117"]
[PlyCount "80"]
[EventDate "2018.01.27"]
[EventType "swiss"]
[EventRounds "5"]
[EventCountry "GGB"]

1. e4 e5 2. Nf3 Nc6 3. Bc4 Bc5 4. c3 Nf6 5. b4 Bb6 6. O-O d6 7. a4 a6 8. d3 h6
9. Be3 Bxe3 10. fxe3 O-O 11. Nh4 Ng4 12. Qe1 Nxe3 13. Qxe3 Qxh4 14. Nd2 Be6 15.
b5 axb5 16. Bxe6 fxe6 17. Nf3 Qf4 18. Qxf4 exf4 19. axb5 Ne7 20. Nd4 Rxa1 21.
Rxa1 Kf7 22. Ra7 Rb8 23. Nf3 Nc8 24. Ra2 g5 25. e5 Nb6 26. c4 Ra8 27. Rxa8 Nxa8
28. d4 Kg6 29. c5 dxc5 30. dxc5 Kf5 31. h3 Ke4 32. Kf2 Kd5 33. g3 Kxc5 34. Nxg5
fxg3+ 35. Kxg3 hxg5 36. Kg4 Kxb5 37. Kxg5 c5 38. h4 c4 39. h5 c3 40. h6 c2 0-1

[Event "Tradewise Gibraltar ChallWk2"]
[Site "Gibraltar"]
[Date "2018.01.27"]
[Round "1.27"]
[White "Elomari, Anas"]
[Black "Hubbard, Michael"]
[Result "1-0"]
[WhiteElo "2100"]
[BlackElo "1913"]
[PlyCount "105"]
[EventDate "2018.01.27"]
[EventType "swiss"]
[EventRounds "5"]
[EventCountry "GGB"]

1. d4 Nf6 2. Nf3 c5 3. d5 d6 4. c4 e5 5. Nc3 Nbd7 6. e4 Be7 7. h3 h5 8. Be3 a6
9. Bd3 Rb8 10. Qe2 Nf8 11. Nd2 Ng6 12. O-O-O h4 13. Kb1 Nh5 14. Ka1 Bg5 15.
Rhe1 Bd7 16. Rb1 Nhf4 17. Qf1 Nxd3 18. Qxd3 b5 19. Nf3 Bh6 20. Nd2 Nf4 21. Bxf4
Bxf4 22. Ne2 Bh6 23. Nf3 bxc4 24. Qxc4 Rb4 25. Qc2 O-O 26. Nc3 f5 27. a3 Rb8
28. Nd2 Qg5 29. Nc4 Qe7 30. f3 fxe4 31. Nxe4 Bf5 32. Qa4 Bxe4 33. Rxe4 Qb7 34.
Rd1 Bg5 35. Ka2 Rfd8 36. Rd3 Qb5 37. Qc2 Qb7 38. Na5 Qb5 39. Nc6 Rbc8 40. Nxd8
Rxd8 41. Qc4 Rb8 42. Rb3 Qe8 43. Rxb8 Qxb8 44. Qxa6 Bc1 45. b3 Bd2 46. Qd3 Bc1
47. Rxh4 Qa7 48. a4 c4 49. Rxc4 Qf2+ 50. Rc2 Qg1 51. Rc8+ Kf7 52. Qf5+ Ke7 53.
Qe6# 1-0

[Event "Tradewise Gibraltar ChallWk2"]
[Site "Gibraltar"]
[Date "2018.01.27"]
[Round "1.28"]
[White "Cernuda Orejas, Victor Manuel"]
[Black "Allor, Chukwuka"]
[Result "0-1"]
[WhiteElo "1910"]
[BlackElo "2099"]
[PlyCount "120"]
[EventDate "2018.01.27"]
[EventType "swiss"]
[EventRounds "5"]
[EventCountry "GGB"]

1. c3 Nf6 2. d4 d5 3. Nf3 g6 4. g3 Bg7 5. Bg2 O-O 6. O-O Nbd7 7. Bf4 h6 8. h4
Ne4 9. Qc1 Kh7 10. Nbd2 c5 11. Nxe4 dxe4 12. Ne5 cxd4 13. Nxd7 Bxd7 14. cxd4
Bc6 15. Rd1 Qb6 16. Qe3 Rad8 17. d5 Rxd5 18. Rxd5 Bxd5 19. Qxb6 axb6 20. Rd1 e6
21. f3 Bxb2 22. fxe4 Bc6 23. e5 Ra8 24. Rd2 Bc3 25. Rc2 Bd4+ 26. e3 Bc5 27. Kf2
Kg7 28. Bf1 Be4 29. Re2 Bd5 30. g4 Rxa2 31. Rxa2 Bxa2 32. g5 h5 33. Bd3 Bb3 34.
Ke2 Kf8 35. Bg3 Ke7 36. Be1 Bd5 37. Bc3 Kd7 38. Bd4 Kc6 39. Kd2 Be7 40. Kc3 b5
41. Kb2 b6 42. Kc3 b4+ 43. Kd2 b5 44. Bb1 Bd8 45. Bd3 Be7 46. Bb1 Kb7 47. Bd3
Ka6 48. Kc2 Ka5 49. Ba7 b3+ 50. Kb2 Bb4 51. Bd4 Ka4 52. Bc3 Ba3+ 53. Kb1 Bf3
54. Bd2 Bd1 55. Bc3 b4 56. Bd4 Bc2+ 57. Bxc2 bxc2+ 58. Kxc2 b3+ 59. Kc3 Bb4+
60. Kb2 Be1 0-1

[Event "Tradewise Gibraltar ChallWk2"]
[Site "Gibraltar"]
[Date "2018.01.27"]
[Round "1.29"]
[White "Pabalan, Rocky"]
[Black "Williamson, Kevin J"]
[Result "1-0"]
[WhiteElo "2098"]
[BlackElo "1905"]
[PlyCount "57"]
[EventDate "2018.01.27"]
[EventType "swiss"]
[EventRounds "5"]
[EventCountry "GGB"]

1. e4 d6 2. d4 Nf6 3. Nc3 c6 4. Nf3 Bg4 5. h3 Bh5 6. g4 Bg6 7. Bd3 e6 8. Qe2
Be7 9. Bd2 Nbd7 10. h4 h5 11. g5 Nh7 12. O-O-O Qb6 13. Qe1 O-O-O 14. Ne2 Qc7
15. Bc3 d5 16. exd5 Bxd3 17. dxc6 Bxe2 18. cxd7+ Qxd7 19. Qxe2 Qd5 20. Ne5 Rhf8
21. Qxh5 Nf6 22. Qe2 Ne4 23. Rh3 Nd6 24. Bb4 f6 25. Ng6 Rfe8 26. Rc3+ Kb8 27.
Nf4 Qxa2 28. Ra3 Qc4 29. Bxd6+ 1-0

[Event "Tradewise Gibraltar ChallWk2"]
[Site "Gibraltar"]
[Date "2018.01.27"]
[Round "1.30"]
[White "O'Neil, Jim"]
[Black "Jordan Martinez, David"]
[Result "0-1"]
[WhiteElo "1904"]
[BlackElo "2095"]
[PlyCount "70"]
[EventDate "2018.01.27"]
[EventType "swiss"]
[EventRounds "5"]
[EventCountry "GGB"]

1. e4 c5 2. Nf3 a6 3. d4 cxd4 4. c3 dxc3 5. Nxc3 e6 6. Bc4 Nc6 7. O-O Nge7 8.
Bf4 Ng6 9. Bg3 Be7 10. e5 b5 11. Bb3 Bb7 12. Qe2 Qb6 13. Rfd1 Rd8 14. Ne4 O-O
15. h4 f5 16. exf6 gxf6 17. Nd6 Nce5 18. Nxe5 Nxe5 19. Nf5 Rf7 20. Nh6+ Kg7 21.
Nxf7 Nxf7 22. Rac1 Bc6 23. Qg4+ Kh8 24. Qh5 Rf8 25. Bc2 f5 26. Qe2 Bf6 27. Bd6
Rg8 28. g3 Nxd6 29. Rxd6 Rxg3+ 30. Kh2 Rg2+ 31. Kh3 Rxf2 32. Rxc6 dxc6 33. Qxe6
Rf3+ 34. Kh2 Qf2+ 35. Kh1 Rh3# 0-1

[Event "Tradewise Gibraltar ChallWk2"]
[Site "Gibraltar"]
[Date "2018.01.27"]
[Round "1.31"]
[White "Elishev, Ivan"]
[Black "Perez Beltran, Salvador"]
[Result "1-0"]
[WhiteElo "2087"]
[BlackElo "1900"]
[PlyCount "39"]
[EventDate "2018.01.27"]
[EventType "swiss"]
[EventRounds "5"]
[EventCountry "GGB"]

1. e4 c5 2. Nf3 e6 3. g3 Nc6 4. Bg2 Nf6 5. Nc3 a6 6. a4 d5 7. exd5 Nxd5 8. O-O
g6 9. d4 Nxc3 10. bxc3 Bg7 11. Ba3 cxd4 12. cxd4 Nxd4 13. Nxd4 Qxd4 14. Qf3 f5
15. Rab1 Qxa4 16. Rxb7 Bf8 17. Qc6+ Bd7 18. Rxd7 Qxc6 19. Bxc6 Rc8 20. Re7+ 1-0

[Event "Tradewise Gibraltar ChallWk2"]
[Site "Gibraltar"]
[Date "2018.01.27"]
[Round "1.32"]
[White "Hermes, Geoff R"]
[Black "Lung, Liviu-Catalin"]
[Result "0-1"]
[WhiteElo "1879"]
[BlackElo "2085"]
[PlyCount "62"]
[EventDate "2018.01.27"]
[EventType "swiss"]
[EventRounds "5"]
[EventCountry "GGB"]

1. d4 Nf6 2. Bf4 c5 3. d5 Qb6 4. Nc3 d6 5. e4 Nxe4 6. Nxe4 Qb4+ 7. Qd2 Qxe4+ 8.
Ne2 g6 9. O-O-O Bg7 10. Bh6 Bxh6 11. Qxh6 Bf5 12. Qd2 Qb4 13. Qe3 Qa4 14. Qc3
O-O 15. Kb1 Na6 16. Ng3 Nb4 17. Nxf5 Qxa2+ 18. Kc1 gxf5 19. Bc4 Qa4 20. Bb3 Qd7
21. h4 f4 22. g3 Qf5 23. Rhg1 f3 24. Kb1 b5 25. g4 Qg6 26. h5 Qg5 27. h6 Qxh6
28. g5 Qg7 29. Qd2 a5 30. c3 Qg6+ 31. Kc1 a4 0-1

[Event "Tradewise Gibraltar ChallWk2"]
[Site "Gibraltar"]
[Date "2018.01.27"]
[Round "1.33"]
[White "Sanchez Carrasco, Fco. Javier"]
[Black "Matthews, Adrian M S"]
[Result "1-0"]
[WhiteElo "2068"]
[BlackElo "1839"]
[PlyCount "51"]
[EventDate "2018.01.27"]
[EventType "swiss"]
[EventRounds "5"]
[EventCountry "GGB"]

1. e4 c5 2. Nf3 Nc6 3. Be2 g6 4. d3 Bg7 5. O-O d6 6. c3 Nf6 7. a4 O-O 8. Na3
Rb8 9. Nc4 Be6 10. Qc2 Nd7 11. Ng5 Bxc4 12. dxc4 Na5 13. f4 Nb6 14. b3 Nd7 15.
Be3 b6 16. h4 Nf6 17. e5 Ne8 18. h5 e6 19. hxg6 hxg6 20. Rad1 Qe7 21. b4 cxb4
22. cxb4 Nc6 23. b5 Na5 24. Qe4 Nb7 25. g4 Nc5 26. Qh1 1-0

[Event "Tradewise Gibraltar ChallWk2"]
[Site "Gibraltar"]
[Date "2018.01.27"]
[Round "1.34"]
[White "Mayank, Pal"]
[Black "Dasaolu, Rotimi"]
[Result "0-1"]
[WhiteElo "1834"]
[BlackElo "2064"]
[PlyCount "186"]
[EventDate "2018.01.27"]
[EventType "swiss"]
[EventRounds "5"]
[EventCountry "GGB"]

1. Nf3 c5 2. c4 Nf6 3. Nc3 e6 4. g3 b6 5. Bg2 Bb7 6. O-O Be7 7. Re1 O-O 8. e4
d6 9. d4 cxd4 10. Nxd4 Qc8 11. b3 a6 12. Bb2 Nbd7 13. h3 Rd8 14. Qe2 Qc7 15.
Rac1 Rac8 16. Kh1 Qb8 17. f4 g6 18. g4 e5 19. fxe5 Nxe5 20. Nf3 Nfd7 21. Nd5
Bxd5 22. cxd5 b5 23. Nd4 Bg5 24. Rxc8 Rxc8 25. Rf1 Qc7 26. Qf2 Nc5 27. Qg3 Ncd3
28. Ba1 Qe7 29. Nc6 Nxc6 30. Qxd3 Ne5 31. Qe2 Qc7 32. Qf2 b4 33. Qg3 Qe7 34.
Qf2 a5 35. Qb6 Qc7 36. Qf2 Qc2 37. Qg3 Qc7 38. Qf2 Qb7 39. Qg3 Qe7 40. Qf2 Bh4
41. Qe2 Qc7 42. Bxe5 dxe5 43. Qf3 f6 44. Rd1 Qd6 45. Qe2 Bg5 46. Rd3 Rc1+ 47.
Rd1 Rc3 48. Rd3 Rc7 49. Rd1 Bf4 50. Rd3 Kg7 51. Rd1 Rc5 52. Rd3 Kh6 53. Rd1 Kg5
54. Rd3 Rc1+ 55. Rd1 Qc5 56. Rxc1 Qxc1+ 57. Bf1 Be3 58. Kg2 Bc5 59. Kg3 Qf4+
60. Kg2 Kh4 61. Qf3 Qd2+ 62. Be2 Kg5 63. h4+ Kxh4 64. Qxf6+ Qg5 65. Qf3 Qd2 66.
Qf6+ Qg5 67. Qf3 Qd2 68. Qf6+ Qg5 69. Qf3 Qe7 70. Qg3+ Kg5 71. Kh3 Kf6 72. g5+
Kg7 73. Qg4 Be3 74. Bc4 Qxg5 75. d6 Qxg4+ 76. Kxg4 h5+ 77. Kf3 Bb6 78. Be6 Kf6
79. Bh3 g5 80. Bf5 g4+ 81. Kg3 Kg5 82. d7 h4+ 83. Kg2 Kf4 84. Kh2 h3 85. Be6
Bd8 86. Bf5 Kf3 87. Kh1 Bb6 88. Be6 Kg3 89. Bf5 Kh4 90. d8=Q+ Bxd8 91. Kh2 g3+
92. Kh1 Bb6 93. Bxh3 Kxh3 0-1